| 000 | 00407nam a2200145Ia 4500 | ||
|---|---|---|---|
| 005 | 20260430133742.0 | ||
| 008 | 260429s9999||||xx |||||||||||||| ||und|| | ||
| 020 | _a9781032598901 | ||
| 082 |
_a006.312 _bWU |
||
| 100 | _aWu, Di | ||
| 245 | 0 |
_aData mining with python : _btheory, application, and case studies / _cDi Wu |
|
| 260 |
_aBaca : _bCRC Press, _c2024. |
||
| 300 | _axxiii, 390 p.; pbk | ||
| 942 | _cCU | ||
| 999 |
_c53830 _d53830 |
||